书目信息 |
| 题名: |
AutoCAD 2014全套建筑设计施工图纸绘制
|
|
| 作者: | 张日晶 主编 | |
| 分册: | ||
| 出版信息: | 北京 中国建筑工业出版社 2014 |
|
| 页数: | 15, 508页 | |
| 开本: | 26cm | |
| 丛书名: | AutoCAD全套图纸绘制系列丛书 | |
| 单 册: | ||
| 中图分类: | TU204.2 | |
| 科图分类: | ||
| 主题词: | 建筑制图--jian zhu zhi tu--计算机辅助设计--AutoCAD软件 | |
| 电子资源: | ||
| ISBN: | 978-7-112-16517-9 | |
| 000 | 01256nam 2200253 450 | |
| 001 | 0100004240 | |
| 005 | 20191106082310.33 | |
| 010 | @a978-7-112-16517-9@dCNY82.00 (含光盘) | |
| 010 | @a978-7-89475-416-5@b光盘 | |
| 100 | @a20141217d2014 em y0chiy50 ea | |
| 101 | 0 | @achi |
| 102 | @aCN@b110000 | |
| 105 | @aak z 000yy | |
| 200 | 1 | @aAutoCAD 2014全套建筑设计施工图纸绘制@AAutoCAD 2014 quan tao jian zhu she ji shi gong tu zhi hui zhi@f张日晶主编 |
| 210 | @a北京@c中国建筑工业出版社@d2014 | |
| 215 | @a15, 508页@c图@d26cm@e光盘1片 | |
| 225 | 2 | @aAutoCAD全套图纸绘制系列丛书@AAutoCAD quan tao tu zhi hui zhi xi lie cong shu |
| 330 | @a本书共分两篇14章,其中第一篇为基础知识篇,介绍必要的基本操作方法和技巧。包括:AutoCAD 2014入门;二维绘图命令;辅助绘图工具;编辑命令;文字与表格;尺寸标注;模块化绘图;布图与输出等知识。第二篇为酒店施工篇,详细讲解建筑设计中各种图形的设计方法。包括:建筑设计基本理论;酒店施工图图纸的编排;酒店平面图绘制;酒店立面图绘制;酒店剖面图绘制;酒店详图绘制。 | |
| 410 | 0 | @12001 @aAutoCAD全套图纸绘制系列丛书 |
| 606 | 0 | @a建筑制图@Ajian zhu zhi tu@x计算机辅助设计@xAutoCAD软件 |
| 690 | @aTU204.2@v5 | |
| 701 | 0 | @a张日晶@Azhang ri jing@4主编 |
| 801 | 0 | @aCN@c20161103 |
| 905 | @a河南城建学院图书馆@dTU204.2@eZ152 | |
| AutoCAD 2014全套建筑设计施工图纸绘制/张日晶主编.-北京:中国建筑工业出版社,2014 |
| 15, 508页:图;26cm+光盘1片.-(AutoCAD全套图纸绘制系列丛书) |
| ISBN 978-7-112-16517-9:CNY82.00 (含光盘) |
| 本书共分两篇14章,其中第一篇为基础知识篇,介绍必要的基本操作方法和技巧。包括:AutoCAD 2014入门;二维绘图命令;辅助绘图工具;编辑命令;文字与表格;尺寸标注;模块化绘图;布图与输出等知识。第二篇为酒店施工篇,详细讲解建筑设计中各种图形的设计方法。包括:建筑设计基本理论;酒店施工图图纸的编排;酒店平面图绘制;酒店立面图绘制;酒店剖面图绘制;酒店详图绘制。 |
| ● |
| 相关链接 |
|
|
|
正题名:AutoCAD 2014全套建筑设计施工图纸绘制
索取号:TU204.2/Z152
 
预约/预借
| 序号 | 登录号 | 条形码 | 馆藏地/架位号 | 状态 | 备注 |
| 1 | 1232603 | 212326035 | 建筑库101/101建筑库 111排7列5层/ [索取号:TU204.2/Z152] | 在馆 | |
| 2 | 1232604 | 212326044 | 建筑库101/101建筑库 111排7列5层/ [索取号:TU204.2/Z152] | 在馆 | |
| 3 | 1232605 | 212326053 | 建筑库101/101建筑库 111排7列5层/ [索取号:TU204.2/Z152] | 在馆 | |
| 4 | 1232606 | 212326062 | 建筑库101/101建筑库 111排7列5层/ [索取号:TU204.2/Z152] | 在馆 | |
| 5 | 1232607 | 212326071 | 建筑库101/101建筑库 111排7列5层/ [索取号:TU204.2/Z152] | 在馆 | |
| 6 | 1291263 | 212912632 | 土木与交通工程学院资料室/ [索取号:TU204.2/Z152] | 在馆 | |
| 7 | 1291264 | 212912641 | 土木与交通工程学院资料室/ [索取号:TU204.2/Z152] | 在馆 |